MARC

LEADER 00000nas a22000007a 4500
001 ssj0005271
003 WaSeSS
005 20200512172242.0
006 m d
007 cr n
008 050614u19uuuuuuohuuu p s 0 a0eng
010 |a  2012201517 
022 |a 2168-1937  |y 0024-4511 
035 |a (WaSeSS)ssj0005271 
040 |a OCLCS  |b eng  |c OCLCS  |d UV$  |d AAA  |d UQ1  |d OCLCQ  |d CO3  |d OCLCQ  |d DLC  |d OCLCQ  |d OCLCF  |d OCLCO  |d OCL  |d OCLCQ  |d OCLCO  |d WaSeSS 
042 |a pcc  |a nsdp 
050 1 4 |a AP2  |b .L574 
082 1 0 |a 805  |2 14 
130 0 |a Literary cavalcade (Online) 
222 0 |a Literary cavalcade  |b (Online) 
245 1 0 |a Literary cavalcade  |h [electronic resource]. 
260 |a Dayton, Ohio :  |b Scholastic Corp. 
506 |a License restrictions may limit access. 
538 |a Mode of access: World Wide Web. 
580 |a Includes current issue of Literary cavalcade. 
588 |a Description based on print version record. 
588 |a Latest issue consulted: Vol. 57, [no.] 8 (May 2005) (Proquest website, viewed June 11, 2012). 
648 7 |a 1900-2099  |2 fast 
650 0 |a Literature, Modern  |y 20th century  |v Periodicals. 
650 0 |a Literature, Modern  |y 21st century  |v Periodicals. 
650 7 |a Literature, Modern.  |2 fast  |0 (OCoLC)fst01000172 
650 7 |a Littérature.  |2 rasuqam 
650 7 |a 21e siècle.  |2 rasuqam 
650 7 |a 20e siècle.  |2 rasuqam 
655 0 |a Electronic journals. 
776 1 |t Literary cavalcade  |x 0024-4511  |w (DLC) 54030796  |w (OCoLC)4171185 
777 1 |t Literary cavalcade 
856 4 0 |z Full text available from Research Library: 02/01/1998 to 05/31/2005  |u https://search.proquest.com/publication/322